Tradizioni di Natale nel mondo - Statistics

Statistiche generali
  • Questo quiz è stato fatto 81 volte
  • Il punteggio medio è 4 su 10
Statistiche sulle risposte
Domanda Risposta % Corretto
Cosa rappresenta il ceppo di Natale? Un tronco di legno bruciato
69%
Chi porta i regali ai bambini in Spagna nella notte tra il 5 e il 6 Gennaio? I re magi
53%
In quale paese è nata la tradizione dell'albero di natale? Germania
47%
In quale paese è tradizione andare in Chiesa la mattina di Natale coi pattini a rotelle? Venezuela
40%
Quale paese ha la tradizione della capra di Natale? Svezia
31%
In quale nazione è comune festeggiare la vigilia di Natale con un pasto a base di pollo fritto? Giappone
28%
In Islanda quanti Babbi Natale portano i regali ai bambini? 13
26%
In quale Paese è usanza decorare l'albero di Natale con ragni e ragnatele, simbolo di fortuna? Ucraina
25%
In quale Paese si svolge ogni anno una gara di nuoto nel fiume ghiacciato in onore di Gesù? Bulgaria
21%
In quale città si trova il famoso mercato di Natale chiamato "Christkindlesmarkt"? Norimberga
13%
Nessun quiz corrispondente trovato
Distribuzione punteggi
Percentuale di utenti per punteggio
Percentile per numero di risposta
I tuoi punteggi nel tempo
Non hai fatto questo quiz